000 01087naa a22002777a 4500
001 BR8706983
003 BR-BrBNA
005 20240918175901.0
007 ta
008 230509b bl.||||| |||| 00| 0 por d
040 _aBR-BrBNA
_bpor
_cBiblioteca Nacional de Agricultura
041 _a(Pt)
072 _aJ11
_b0336
090 _aJ11 BR8706983
100 1 _aSoares, J.B.
100 1 _aDalPasquale, V.A.
111 1 _a15. Congresso Brasileiro de Engenharia Agricola; 1. Feira Nacional de Equipamentos e Tecnicas Agropecuarias
_cSao Paulo, SP (Brazil)
_d8 Jul 1986
245 1 _aCoeficiente de difusao de umidade e secagem em camada fina de soja (Glycine max L.)
260 3 _aSao Paulo, SP (Brasil):
_c1986.
500 _aAnais do 15. Congresso Brasileiro de Engenharia Agricola Sao Paulo, SP (Brasil): 1986. p. 258-267 (BR8706983-AM)J11
650 _aSOJA
650 _aSECAGEM
773 0 _tAnais do 15. Congresso Brasileiro de Engenharia Agricola
_wJ11 BR8706983
_gSao Paulo, SP (Brasil), 1986. p. 258-267
909 _a202404
_bLucia
_c55
_dLucia Elande
942 _cAM
_2AGRIS
999 _c318582
_d318582